000 00759cam a2200265 4500500
005 20260405002042.0
041 _afre
042 _adc
100 1 0 _aEltchaninoff, Michel
_eauthor
245 0 0 _aPense-t-on mieux seul ou à plusieurs?
260 _c2015.
500 _a10
690 _aBarbara Cassin
690 _aCédric Villani
690 _aCollectif
690 _aintelligence
690 _aJean-Luc Marion
690 _aKarol Beffa
690 _aPédagogie
690 _aPensée
690 _aSolitude
690 _aVincent Descombes
786 0 _nPhilosophie magazine | 92 | 9 | 2015-09-01 | p. 42-42 | 1951-1787
856 4 1 _uhttps://shs.cairn.info/magazine-philosophie-magazine-2015-9-page-42?lang=fr&redirect-ssocas=7080
999 _c2053740
_d2053740